00221nam a22001097a 4500003000400000020001800004082001600022100001500038245001900053260003100072300000800103SGT a9788123024981 a301.2bI85B aBISWAS, A. aINDIA COSTUMES bPUBLICATION DIVISIONc1985 a145